[Event "OP-2011-0-01446"]
[Site "LSS email"]
[Date "2011.03.18"]
[Round "?"]
[White "Gajnulov, Alexandr"]
[Black "Schunck, Franz"]
[Result "0-1"]
[WhiteElo "1836"]
[BlackElo "1825"]
[PlyCount "24"]
[EventDate "2011.03.14"]
[EventType "tourn (corr)"]
[EventRounds "4"]
[EventCountry "GER"]
[SourceTitle "Corr 2013"]
[Source "ChessBase"]
[SourceDate "2012.11.12"]
[SourceVersion "1"]
[SourceVersionDate "2012.11.12"]
[SourceQuality "1"]

1. e4 e6 2. d4 d5 3. Nc3 Bb4 4. e5 Ne7 5. a3 Bxc3+ 6. bxc3 c5 7. Qg4 0-0 8. Bd3 c4 9. Bh6 Ng6 10. Bxg6 fxg6 11. Be3 Bd7 12. Ne2 Nc6 0-1

[Event "CP-2010-P-00047"]
[Site "LSS email"]
[Date "2010.09.28"]
[Round "?"]
[White "Grabowski, Benedykt"]
[Black "Gajnulov, Alexandr"]
[Result "1/2-1/2"]
[WhiteElo "1960"]
[BlackElo "1853"]
[PlyCount "64"]
[EventDate "2010.10.01"]
[EventType "tourn (corr)"]
[EventRounds "6"]
[EventCountry "GER"]
[SourceTitle "Telechess CBM 151"]
[Source "ChessBase"]
[SourceDate "2012.11.13"]
[SourceVersion "1"]
[SourceVersionDate "2012.11.13"]
[SourceQuality "1"]

1. e4 c5 2. Nf3 d6 3. d4 cxd4 4. Nxd4 Nf6 5. Nc3 g6 6. Be3 Bg7 7. f3 0-0 8. Bc4 Nc6 9. Qd2 Bd7 10. 0-0-0 Rc8 11. Bb3 Ne5 12. h4 h5 13. Kb1 Nc4 14. Bxc4 Rxc4 15. Nde2 b5 16. Bh6 b4 17. Bxg7 Kxg7 18. Nd5 Nxd5 19. exd5 Qb6 20. b3 Rc7 21. g4 Rfc8 22. Nd4 Rh8 23. Rde1 Bc8 24. Nc6 e5 25. f4 hxg4 26. fxe5 dxe5 27. Nxe5 Bf5 28. Nc4 Qf6 29. d6 Rcc8 30. Qxb4 a5 31. Qb5 Rh5 32. Qb6 a4 1/2-1/2

[Event "OP-2010-0-01245"]
[Site "LSS email"]
[Date "2010.08.29"]
[Round "?"]
[White "Mamutov, Shevket"]
[Black "Gajnulov, Alexandr"]
[Result "0-1"]
[WhiteElo "1793"]
[BlackElo "1970"]
[PlyCount "62"]
[EventDate "2010.08.24"]
[EventType "tourn (corr)"]
[EventRounds "4"]
[EventCountry "GER"]
[SourceTitle "Telechess CBM 143"]
[Source "ChessBase"]
[SourceDate "2011.07.15"]
[SourceVersion "1"]
[SourceVersionDate "2011.07.15"]
[SourceQuality "1"]

1. d4 d5 2. c4 Nf6 3. Nf3 c6 4. Nc3 e6 5. e3 Nbd7 6. Bd3 dxc4 7. Bxc4 Be7 8. 0-0 0-0 9. Qc2 Nb6 10. Bd3 Nbd5 11. a3 Nxc3 12. bxc3 c5 13. e4 cxd4 14. cxd4 h6 15. Qe2 h5 16. Bf4 Bd7 17. Rfc1 Rc8 18. Ne5 Qa5 19. Bg5 Rxc1+ 20. Rxc1 Rc8 21. Nxd7 Rxc1+ 22. Bxc1 Nxd7 23. e5 Bxa3 24. Bd2 Bb4 25. Bxb4 Qxb4 26. Qxh5 Qxd4 27. Qh7+ Kf8 28. g3 a5 29. Qh8+ Ke7 30. Bb5 Qd1+ 31. Bf1 a4 0-1